000 00536 a2200169 4500
001 066149
003 OSt
005 20210915104151.0
008
082 _a510
_bW95T
100 1 _aWu, Jianhong
245 1 _aTheory and applications of partial functional differential equations
_cby Jianhong Wu
260 _aNew York
_bSpringer
_c2009
300 _a429p.
690 _aFunctional differential equations; Mathematics; Cell aggregation--Mathematics; Global analysis (Mathematics)
942 _2ddc
_cBK
999 _c334
_d334